Normale Ansicht MARC-Ansicht ISBD

The Forgotten Friendship : (Titelsatznr. 8303)

[ MARC ]
MARC-Details
000 -Satzkennung
Kontrollfeld mit fester Länge 00417nam a22001571c 4500
001 - Kontrollnummer
Kontrollfeld a02141
008 - Feld mit fester Länge zur physischen Beschreibung - Allgemeine Angaben
Kontrollfeld mit fester Länge 051003s1974 gw |||| 000u eng d
041 ## - Sprachcode
Sprachcode des Textes/der Tonspur oder des separaten Titels eng
040 ## - Katalogisierungsquelle
Übertragungsstelle RU-10907106
003 - Kontrollnummer Identifier
Kontrollfeld RU-10907106
100 1# - Haupteintragung - Personenname
Personenname Krammer, Arnold
245 04 - Titel
Titel The Forgotten Friendship :
Zusatz zum Titel Israel and the Soviet Bloc 1947-53
264 ## - Produktion, Veröffentlichung, Distribution, Herstellung und Urheberrechtsvermerk
Herstellungs-, Veröffentlichungs- Vertriebs-, Erzeugungsort Urbana :
Produzent, Herausgeber, Distributor, Hersteller University of Illinois Press,
Datum der Herstellung, der Veröffentlichung, des Vertriebs oder des Urheberschutzvermerks 1974
300 ## - Physische Beschreibung
Umfang 224 S. Oln.
942 ## - Zusätzliche Felder (Koha)
Koha-Medientyp Monographien
Exemplare
Ausgeschieden Verloren Klassifikation oder Aufstellungssystematik Beschädigt Nicht entleihbar Heimatbibliothek Aufenthaltsbibliothek Aufstellungsort Erwerbungsdatum Inventarnummer Signatur Barcode Letzte Aktivität Preis gültig von Koha-Medientyp
    Andere/Generische Klassifikation     MWN Osteuropa MWN Osteuropa Magazin - 2 03/10/2005 05-03404 R 63 c Kra E00401506CBE34BF 22/02/2021 22/03/2021 Monographien